| 000 | 00584cam a22001817a 4500 | ||
|---|---|---|---|
| 008 | 180718b2000 xxu||||| |||| 00| 0 eng d | ||
| 020 | _a8125019804 | ||
| 082 | _aY7x54 Sa13 | ||
| 100 | _aSaberwal, Vasant | ||
| 245 |
_aPeople, parks and wildlife: towards coexistence _cby Vasant Saberwal, Mahesh Rangarajan and Ashish Kothari |
||
| 260 |
_aHyderabad _bOrient Longman _c2000 |
||
| 300 | _a143p. | ||
| 440 | _aTracts for the times, 14 | ||
| 650 | _aForest conservation - India | ||
| 650 | _aWildlife management - India | ||
| 700 | _aKothari, Ashish | ||
| 700 | _aRangarajan, Mahesh | ||
| 999 |
_c400396 _d400396 |
||